[Event "CRO-chT2 South"]
[Site "Croatia"]
[Date "2014.04.25"]
[Round "1.2"]
[White "Vukic, Boris"]
[Black "Plenkovic, Zdenko"]
[Result "1/2-1/2"]
[WhiteElo "1968"]
[BlackElo "2410"]
[PlyCount "48"]
[EventDate "2014.04.25"]
[EventType "team-tourn"]
[EventRounds "9"]
[EventCountry "CRO"]
[SourceTitle "EXT 2019"]
[Source "ChessBase"]
[SourceDate "2018.10.10"]
[SourceVersion "1"]
[SourceVersionDate "2018.10.10"]
[SourceQuality "1"]

1. d4 Nf6 2. Nf3 g6 3. c4 Bg7 4. Nc3 0-0 5. e4 d6 6. Be2 e5 7. dxe5 dxe5 8. Qxd8 Rxd8 9. Bg5 Rf8 10. Nd5 Nxd5 11. cxd5 c6 12. Bc4 b5 13. Bb3 Bb7 14. dxc6 Nxc6 15. Bd5 Rfc8 16. 0-0 Rab8 17. Rac1 Na5 18. Bxb7 Nxb7 19. Rxc8+ Rxc8 20. Rc1 Rxc1+ 21. Bxc1 Nd6 22. Nd2 Bh6 23. f3 f6 24. Nb3 Bxc1 1/2-1/2

[Event "CRO-chT2S"]
[Site "Makarska"]
[Date "2013.10.06"]
[Round "6.4"]
[White "Vukic, Boris"]
[Black "Cecuk, Marijo"]
[Result "0-1"]
[WhiteElo "1984"]
[BlackElo "2063"]
[PlyCount "100"]
[EventDate "2013.04.05"]
[EventType "team-tourn"]
[EventRounds "9"]
[EventCountry "CRO"]
[SourceTitle "EXT 2014"]
[Source "ChessBase"]
[SourceDate "2013.11.20"]
[SourceVersion "1"]
[SourceVersionDate "2013.11.20"]
[SourceQuality "1"]
[WhiteTeam "Mravince II"]
[BlackTeam "Omis"]
[WhiteTeamCountry "CRO"]
[BlackTeamCountry "CRO"]

1. d4 d5 2. c4 c6 3. Nc3 Nf6 4. e3 e6 5. Nf3 Nbd7 6. Bd3 a6 7. 0-0 dxc4 8. Bxc4 b5 9. Bd3 c5 10. b3 Be7 11. Bb2 Bb7 12. Rc1 0-0 13. Qe2 Qa5 14. Rfd1 Rfd8 15. e4 cxd4 16. Nxd4 Nc5 17. e5 Nxd3 18. Rxd3 Nd5 19. Qg4 h5 20. Qd1 Nf4 21. Rd2 Bxg2 22. Nce2 Bg5 23. b4 Qb6 24. Nxf4 Bxf4 25. Kxg2 Qb7+ 26. Kg1 Qe4 27. Re2 Qg6+ 28. Kf1 Bxh2 29. Rd2 Bf4 30. Rcc2 Rd5 31. Rd3 Rad8 32. Re2 Qg4 33. Re4 Qxd1+ 34. Rxd1 Bxe5 35. Kg2 Bf6 36. f4 e5 37. fxe5 Bxe5 38. Rxe5 Rxe5 39. Rd2 f5 40. Rf2 Rf8 41. Nc6 Re4 42. a3 g5 43. Nd4 f4 44. Nf3 Rf5 45. Nd4 Rd5 46. Nb3 Re3 47. Nc5 Rf5 48. Rd2 g4 49. Rd8+ Kf7 50. Rd6 Re2+ 0-1

[Event "CRO-chT2S"]
[Site "Makarska"]
[Date "2013.10.05"]
[Round "5.3"]
[White "Truta, Srecko"]
[Black "Vukic, Boris"]
[Result "1-0"]
[WhiteElo "2184"]
[BlackElo "1984"]
[PlyCount "67"]
[EventDate "2013.04.05"]
[EventType "team-tourn"]
[EventRounds "9"]
[EventCountry "CRO"]
[SourceTitle "EXT 2014"]
[Source "ChessBase"]
[SourceDate "2013.11.20"]
[SourceVersion "1"]
[SourceVersionDate "2013.11.20"]
[SourceQuality "1"]
[WhiteTeam "Primosten"]
[BlackTeam "Mravince II"]
[WhiteTeamCountry "CRO"]
[BlackTeamCountry "CRO"]

1. d4 d5 2. Nf3 Nf6 3. c4 c6 4. Nc3 e6 5. e3 Nbd7 6. Bd3 Be7 7. b3 0-0 8. 0-0 b6 9. Bb2 Bb7 10. e4 dxe4 11. Nxe4 Nxe4 12. Bxe4 Nf6 13. Bc2 c5 14. Re1 Qc7 15. Qe2 Rfe8 16. d5 Bd8 17. Qd3 g6 18. dxe6 fxe6 19. Ne5 Be4 20. Rxe4 Nxe4 21. Qxe4 Bf6 22. Re1 Rad8 23. h4 Qg7 24. Re3 Rd2 25. Bc3 Rd6 26. h5 Red8 27. hxg6 hxg6 28. Rg3 g5 29. Rh3 Rd4 30. Bxd4 Rxd4 31. Qc6 Bxe5 32. Qe8+ Qf8 33. Qg6+ Bg7 34. Rh8+ 1-0

[Event "Split SDZ op"]
[Site "Split"]
[Date "2012.03.19"]
[Round "3"]
[White "Tomas, Ante"]
[Black "Vukic, Boris"]
[Result "1/2-1/2"]
[WhiteElo "1741"]
[BlackElo "2008"]
[PlyCount "39"]
[EventDate "2012.03.17"]
[EventType "swiss"]
[EventRounds "9"]
[EventCountry "CRO"]
[SourceTitle "EXT 2013"]
[Source "ChessBase"]
[SourceDate "2012.11.22"]
[SourceVersion "1"]
[SourceVersionDate "2012.11.22"]
[SourceQuality "1"]

1. e4 c5 2. c3 d5 3. exd5 Qxd5 4. d4 Nf6 5. Nf3 e6 6. g3 Nc6 7. Bg2 cxd4 8. 0-0 Qd8 9. cxd4 Be7 10. Nc3 0-0 11. Be3 Qa5 12. a3 Nd5 13. Nxd5 exd5 14. b4 Qb6 15. Ne5 Be6 16. f4 Nxe5 17. fxe5 a5 18. Qb3 Rfd8 19. b5 a4 20. Qd3 1/2-1/2